Science Quiz

Random Science or Chemistry Quiz

6-Letter Elements Quiz Stats

Quiz Updated Aug 24, 2012

Challenge
Share
Tweet
Embed
Score 0/18 Timer 04:00
2 Plays Today
% Correct
oxygen
88.4%
helium
86.3%
carbon
81%
silver
73.5%
copper
58.4%
sodium
56.4%
iodine
47.6%
sulfur*
47.1%
radium
46.3%
% Correct
nickel
43.1%
barium
40.3%
cobalt
39.8%
cesium*
31.6%
curium
22.3%
indium
20.5%
osmium
19.5%
cerium
18.9%
erbium
18.8%

You're not logged in!

Compare scores with friends on all Sporcle quizzes.
Join for Free
OR
Log In

You Might Also Like...

Show Comments

Extras

Top Quizzes Today


Score Distribution

Your Account Isn't Verified!

In order to create a playlist on Sporcle, you need to verify the email address you used during registration. Go to your Sporcle Settings to finish the process.

Report this User

Report this user for behavior that violates our Community Guidelines.

Details: